Score 0/10 Timer 01:00
3 Plays Today
% Correct
Michelle Tanner
84.8%
Jill Green
75.9%
Alex Dunphy
68%
Arya Stark
65.8%
Prue Halliwell
52.1%
Maggie Greene
47.6%
Sarah Manning
37.2%
Emily Fitch
32.7%
Sara Lance
30.9%
Nadia Santos
26%

Today's Daily Dose

You're not logged in!

Compare scores with friends on all Sporcle quizzes.
OR
Log In

Sporcle TV

Today on Sporcle TV


Watch our educational content, quiz creation guides, and fun videos on Sporcle TV.

Show Comments

Extras

Top Quizzes Today


Score Distribution

Paid Content

Your Account Isn't Verified!

In order to create a playlist on Sporcle, you need to verify the email address you used during registration. Go to your Sporcle Settings to finish the process.

Report this User

Report this user for behavior that violates our Community Guidelines.

Details: